| 000 | 00702nam a2200217 i 4500 | ||
|---|---|---|---|
| 001 | 42357 | ||
| 003 | ES-MaACL | ||
| 005 | 20250712062537.0 | ||
| 007 | t| | ||
| 008 | 030313s1948 sp f |||| |dspa d | ||
| 080 | _a914.645 Alcarria (0:82) | ||
| 100 | 1 |
_aCela, Camilo José, _d1916-2002 _937336 |
|
| 245 | 1 | 4 |
_aLas botas de siete leguas ; _bViaje a la Alcarria / _cCamilo José Cela. |
| 246 | 3 | _aViaje a la Alcarria | |
| 260 |
_aMadrid : _bRevista de Occidente, _c[1948] ( _fVda. de Galo Sáez) |
||
| 300 |
_a226 p., XLIX lám. ; _c22 cm. |
||
| 651 | 4 |
_aLa Alcarria (España, Comarca)- _xDescripción. _9161530 |
|
| 852 |
_aES-MaACL _jD-7784 |
||
| 852 |
_aES-MaACL _jB-1894 |
||
| 999 |
_c42357 _d42357 |
||